000 00799nmc a2200301 a 4500
003 AR-BaBNM
005 20251128204352.0
008 151020s1999 ||||||||||||||000 | spa||
020 _a987-9380-16-9
040 _cAR-BaBNM
100 1 _aPalermo, Miguel Angel
245 1 0 _aEl verdadero nombre de los onas
_blos selk-nam
260 _aBuenos Aires
_bLibros del Quirquincho
_c1999
300 _a61 p.
_bil.
490 0 _aLa otra historia
_vv. 3
504 _aContiene bibliografía
650 4 _aABORIGENES ARGENTINOS
650 4 _aMODOS DE PRODUCCION
650 4 _aHISTORIA
650 4 _aFAMILIA
650 4 _aANTROPOLOGIA
650 4 _aLITERATURA INFANTIL
651 4 _aArgentina
651 4 _aTierra del Fuego
700 0 _aHuadi
_eilustrador
942 _cBK
998 _cMariana
999 _c7184
_d7184